[Event "First Saturday 2010 december IM"]
[Site "Budapest"]
[Date "2010.12.14"]
[Round "11"]
[White "Lyell, Mark"]
[Black "Kislik, Erik Andrew"]
[Result "1/2-1/2"]
[WhiteElo "2210"]
[BlackElo "2334"]
[PlyCount "109"]
[EventDate "2010.12.04"]

1. e4 c5 2. c3 Nf6 3. e5 Nd5 4. Bc4 e6 5. Nf3 d6 6. d4 cxd4 7. cxd4 Nc6 8. O-O
Be7 9. Re1 O-O 10. a3 Qb6 11. Bxd5 exd5 12. Nc3 Be6 13. exd6 Bxd6 14. Qd3 Rfe8
15. Be3 f6 16. b4 Rac8 17. Na4 Qc7 18. h3 b6 19. Qd2 Qd7 20. Bf4 Bf8 21. Nb2
Ne7 22. Rac1 Nf5 23. Rxc8 Rxc8 24. Rc1 Nd6 25. Bxd6 Bxd6 26. Nd3 Rc4 27. Nb2
Rc7 28. Nd3 Qc8 29. Rxc7 Bxc7 30. Nf4 Bf7 31. Qe3 Bd6 32. g3 g5 33. Nd3 Kf8 34.
h4 h6 35. hxg5 hxg5 36. Kg2 Qf5 37. Nfe1 Be6 38. Qf3 Qh3+ 39. Kg1 Kg7 40. Qe3
Bf5 41. f4 g4 42. Nf2 Qh8 43. Ng2 Qc8 44. Nh4 Bc2 45. Qe2 f5 46. Qb5 Bb3 47.
Qd3 Bc2 48. Qb5 Be7 49. Qxd5 Bf6 50. Kh2 Bb1 51. b5 Qc7 52. Kg2 Qc8 53. Kh2 Qc7
54. Kg2 Qc8 55. Kh2 1/2-1/2

[Event "First Saturday 2010 december IM"]
[Site "Budapest"]
[Date "2010.12.14"]
[Round "11"]
[White "Bakin, Alexander"]
[Black "Tesik, Csaba"]
[Result "1/2-1/2"]
[WhiteElo "2235"]
[BlackElo "2258"]
[PlyCount "103"]
[EventDate "2010.12.04"]

1. e4 e5 2. Nf3 Nc6 3. Bc4 Nf6 4. Ng5 d5 5. exd5 Na5 6. Bb5+ c6 7. dxc6 bxc6 8.
Be2 h6 9. Nf3 e4 10. Ne5 Bd6 11. d4 exd3 12. Nxd3 Qc7 13. Nd2 O-O 14. b4 Nd5
15. Ne4 Bxb4+ 16. Nxb4 Nxb4 17. Qd2 Qe7 18. Ba3 Nxc2+ 19. Qxc2 Qxa3 20. O-O Be6
21. Nc5 Bd5 22. Na6 Qe7 23. Rfe1 Qg5 24. Bf1 Nc4 25. Rad1 Ne5 26. Re3 Rac8 27.
Nb4 Be6 28. Qc3 Ng4 29. Rf3 c5 30. Nd3 c4 31. Nb4 Qh5 32. Rh3 Qc5 33. Rf3 Rfd8
34. Re1 Qd4 35. h3 Nf6 36. Rc1 Qxc3 37. Rfxc3 Ne4 38. Ra3 Rd7 39. Nd3 Rdc7 40.
Nf4 Kf8 41. Nxe6+ fxe6 42. Re3 Nd2 43. Rxe6 Nxf1 44. Kxf1 Rb8 45. Re2 Kf7 46.
g3 Kf6 47. Kg2 Rd8 48. Rc3 Rd3 49. Rxd3 cxd3 50. Rd2 Rc2 51. Rxd3 Rxa2 52. Rd7
1/2-1/2

3 Qc7 13. Nd2 O-O 14. b4 Nd5
15. Ne4 Bxb4+ 16. Nxb4 Nxb4 17. Qd2 Qe7 18. Ba3 Nxc2+ 19. Qxc2 Qxa3 20. O-O Be6
21. Nc5 Bd5 22. Na6 Qe7 23. Rfe1 Qg5 24. Bf1 Nc4 25. Rad1 Ne5 26. Re3 Rac8 27.
Nb4 Be6 28. Qc3 Ng4 29. Rf3 c5 30. Nd3 c4 31. Nb4